Parks still poor relation (Record no. 71741)

MARC details
000 -LEADER
fixed length control field 00851cam a2200217 4500
001 - CONTROL NUMBER
control field ABS66276
008 - FIXED-LENGTH DATA ELEMENTS--GENERAL INFORMATION
fixed length control field 021211n2002 000 0 eng u
035 ## - SYSTEM CONTROL NUMBER
System control number (Sirsi) u120730
100 ## - MAIN ENTRY--PERSONAL NAME
Personal name Barber, A
245 ## - TITLE STATEMENT
Title Parks still poor relation
260 ## - PUBLICATION, DISTRIBUTION, ETC.
Date of publication, distribution, etc. 2002
490 ## - SERIES STATEMENT
Series statement Regeneration and Renewal
Volume/sequential designation 8 November 2002, 23(1)
520 ## - SUMMARY, ETC.
Summary, etc. Discusses government pledge to improve the parks and green spaces in the towns and cities, as announced at the Urban Summit in November 2002. Highlights the many advantages and uses of parks, and uses the Urban Green Spaces Taskforce report "Green spaces, better spaces" to illustrate how the government can improve the situation.
590 ## - LOCAL NOTE (RLIN)
Local note ABS
650 ## - SUBJECT ADDED ENTRY--TOPICAL TERM
Topical term or geographic name entry element PARKS
650 ## - SUBJECT ADDED ENTRY--TOPICAL TERM
Topical term or geographic name entry element OPEN SPACES
650 ## - SUBJECT ADDED ENTRY--TOPICAL TERM
Topical term or geographic name entry element GREEN SPACES
650 ## - SUBJECT ADDED ENTRY--TOPICAL TERM
Topical term or geographic name entry element URBAN GREENSPACE
690 ## - LOCAL SUBJECT ADDED ENTRY--TOPICAL TERM (OCLC, RLIN)
Topical term or geographic name as entry element LEISURE AND RECREATION
942 ## - ADDED ENTRY ELEMENTS (KOHA)
Suppress in OPAC 0
Holdings
Withdrawn status Lost status Source of classification or shelving scheme Damaged status Not for loan Home library Current library Shelving location Date acquired Total Checkouts Full call number Barcode Date last seen Copy number Price effective from Koha item type
    Dewey Decimal Classification     London London Journal article 11/12/2002   ABS66276 120730-1001 06/08/2019 1 06/08/2019 Journal article